La Cooperación público-privada como instrumento de desarrollo: lecciones de seis aglomeraciones agroindustriales en América Latina /
Guardado en:
| Hovedforfatter: | |
|---|---|
| Format: | Texto |
| Fag: | |
| Tags: |
Tilføj Tag
Ingen Tags, Vær først til at tagge denne postø!
|
MARC
| LEADER | 00000 a a2200000 04500 | ||
|---|---|---|---|
| 001 | 16288 | ||
| 003 | |||
| 040 | |||
| 100 | |a Guaipatín, Carlos | ||
| 245 | |a La Cooperación público-privada como instrumento de desarrollo: |b lecciones de seis aglomeraciones agroindustriales en América Latina / |c Carlos Guaipatín | ||
| 650 | |a COOPERACION ECONOMICA | ||
| 650 | |a DESARROLLO | ||
| 650 | |a ASPECTOS SOCIALES | ||
| 650 | |a ASPECTOS POLITICOS | ||
| 650 | |a AMERICA LATINA | ||
| 773 | |g número 82; páginas 51-68 | ||
| 999 | |c 38609 |d 38609 | ||
